000 00794nam a2200217 a 4500
999 _c2767
_d2767
001 2767
003 BD-JhCC
005 20180307121401.0
008 171106r1370 ii |||| |||| 000 0 ben d
035 _a(BD-JhCC)2767
040 _aBD-JhCC
_dBD-JhCC
041 _aben
082 _a891.443
_bMUK 1370
100 _aমুখোপাধ্যায়, বিভূতি ভূষণ
245 _aকাঞ্চন-মূল্য /
_cবিভূতি ভূষণ মুখোপাধ্যায়
260 _aকলকাতা :
_bইন্ডিয়ান অয়াসোসিয়েটেড পাবলিশিং কোং প্রাইভেট লি.,
_c1370.
300 _a291 p. :
_c20 cm.
650 _aBengali Novel
942 _2ddc
_cBK